Letter by letter - Capitals #2 - Statistics

General Stats
  • This quiz has been taken 38 times
  • The average score is 25 of 44
Answer Stats
Answer % Correct
A
97%
B
97%
S
78%
Bu
75%
T
75%
W
72%
As
69%
Si
69%
Ta
66%
Asu
63%
Sin
63%
Sing
63%
Singa
63%
Singap
63%
Singapo
63%
Singapor
63%
Singapore
63%
Wi
63%
Tas
56%
Win
56%
Wind
56%
Asun
53%
Bue
53%
Asunc
50%
Asunci
50%
Asuncio
47%
Asuncion
47%
Buen
47%
Tash
47%
Windh
47%
Windho
47%
Windhoe
47%
Windhoek
47%
Bueno
44%
Buenos
44%
Buenos A
44%
Buenos Ai
44%
Buenos Air
44%
Tashk
44%
Tashke
44%
Tashken
44%
Tashkent
44%
Buenos Aire
41%
Buenos Aires
41%
No matching quizzes found
Score Distribution
Percent of People with Each Score
Percentile by Number Answered
Your Score History
You have not taken this quiz